000 01246nam a2200253 a 4500
003 DO-SdBNP
005 20260202095302.0
007 ta
008 211005e2019 dr ||||gr|||| 001 0dspa d
020 _a9789945918243
040 _aDO-SdBNP
_bspa
_cBNPHU
082 4 _222
_bS211m
100 1 _aSánchez, Manuel
_980112
245 0 0 _aMe arrepiento de mi pecado:
_bun llamado a la paz con Dios. /
_c Manuel, Sánchez; prólogo de Malaquías Belén
260 _aSanto Domingo :
_bPublicaciones Libertad,
_c2019
300 _a120 p. ;
_b21 cm.
500 _aIncluye biografía del autor en la contracubierta.
505 0 0 _aDedicatoria.-- Agradecimientos.-- Prólogo.-- Preámbulo.
_t1. Un mundo cargado de pecado.--
_t2. Debes ser limpio por su sangre.--
_t3. si vives por lo terrenal, no vivirás en lo celestial.--
_t4. Eres esclavo, pero ¿de qué?.--
_t5. La grandeza de la humanidad.--
_t6. Barreras que derribar.--
_t¡Qué mis oraciones no tengan estorbo!.--
_t8. Al que mucho se le perdona, mucho debe amar.--
_t9. La desgracia del pecado.
590 _aInventariado 2021 / MF
650 0 _aVida cristiana
_xReligión
_9668
650 0 _aEspiritualidad
_xReligión
_9613
700 1 _979593
_aBelén, Malaquías,
_d1977
_eprólogo
942 _2ddc
_cLBS1
999 _c50702
_d50702